000 00637nam a2200229 i 4500
001 C2-0006501
003 PPAK
005 20190630221844.0
008 970121s1994 xx |||| ||||| | may d
040 _aPPAK
_beng
_cPPAK
_erda
082 0 4 _a297.4
_223
090 0 0 _a297.4
_bAHM
_dG
100 0 _aAhmad Husnan,
_eauthor
245 1 0 _aMenuju kemurnian amalan Islam
264 1 _a[place of publication not identified] :
_bAl - Husna ,
_c1994
300 _a127 pages ;
_c19 cm
336 _2rdacontent
_atext
337 _2rdamedia
_aunmediated
338 _2rdacarrier
_avolume
650 1 0 _aIslamic religious practice
942 _ddc
_cB
999 _c1937
_d1937